| 000 | 00857nam a22002657a 4500 | ||
|---|---|---|---|
| 005 | 20170124105958.0 | ||
| 010 | _aA-704996 | ||
| 020 |
_c00.00 _a0195633512 |
||
| 035 | _aA-704996 | ||
| 037 | _bCen Lib/Ret | ||
| 040 |
_aDPL _bEN |
||
| 082 |
_a305 _bSIN |
||
| 100 |
_aSingh, K.S. _915053 |
||
| 245 |
_aThe biological variation in Indian populations / _cby K.S. Singh, V. Bhalla [and] V. Kaul |
||
| 260 |
_aDelhi _bOxford university press _c1994 |
||
| 270 |
_aYMCA library building Jai Singh road _bDelhi _e110001 |
||
| 300 |
_axvii,760p. : _c24cm(Hb) |
||
| 490 | _aPeople of India national series volume- 10 | ||
| 500 | _aIncludes bibliographical reference and index | ||
| 650 |
_aPopulation _97656 |
||
| 650 |
_aAnthropology _97607 |
||
| 700 |
_aBhalla, V. _988894 |
||
| 700 |
_aKaul, V. _915054 |
||
| 942 |
_2ddc _cEN _h305 _mSIN |
||
| 999 |
_c125649 _d125649 |
||